000 00581nam a2200169 a 4500
001 000048686
005 20201002061329.0
008 190408s2016 dr a 000 0 spa d
020 _a9789945896985
040 _aDO-SdBNP
_bspa
_cBNPHU
100 1 _aReyes, Francisco
_933538
245 1 0 _aMonumentos nacionales dominicanos /
_cFrancisco Reyes ; ilustración Anulfo Alcántara Aquino.
260 _aSanto Domingo, República Dominicana :
_bSpirole,
_c2016.
300 _a23 p. :
_bils. ;
_c28 cm.
590 _aInventariado, 2019/VM
700 1 _aAlcántara Aquino, Anulfo
_eils.
_976134
999 _c48174
_d48174